|
|
|
|
| LEADER |
01972nam a2200553 i 4500 |
| 001 |
nkc20233534152 |
| 003 |
CZ PrNK |
| 005 |
20230823093437.0 |
| 007 |
ta |
| 008 |
230721s2023 xr aeh e f 000 0 cze |
| 015 |
|
|
|a cnb003534152
|
| 020 |
|
|
|a 978-80-7683-352-4
|q (vázáno) :
|c Kč 349,00
|
| 035 |
|
|
|a (OCoLC)1396730386
|
| 040 |
|
|
|a BOA001
|b cze
|e rda
|
| 043 |
|
|
|a e-xr---
|
| 072 |
|
7 |
|a 908(437)
|x Vlastivěda Česka a Slovenska
|2 Konspekt
|9 8
|
| 080 |
|
|
|a 908:133
|2 MRF
|
| 080 |
|
|
|a 2-522
|2 MRF
|
| 080 |
|
|
|a 001.94
|2 MRF
|
| 080 |
|
|
|a 908(437.3)
|2 MRF
|
| 080 |
|
|
|a (437.3)
|2 MRF
|
| 080 |
|
|
|a (0.062)
|2 MRF
|
| 100 |
1 |
|
|a Lenková, Jitka,
|d 1963-
|7 xx0018899
|4 aut
|
| 245 |
1 |
0 |
|a Tajuplná místa Česka /
|c Jitka Lenková
|
| 250 |
|
|
|a 1. vydání
|
| 264 |
|
1 |
|a Praha :
|b XYZ,
|c 2023
|
| 300 |
|
|
|a 270 stran :
|b ilustrace, plány, faksimile ;
|c 21 cm
|
| 336 |
|
|
|a text
|b txt
|2 rdacontent
|
| 337 |
|
|
|a bez média
|b n
|2 rdamedia
|
| 338 |
|
|
|a svazek
|b nc
|2 rdacarrier
|
| 650 |
0 |
7 |
|a magická místa
|7 ph165768
|z Česko
|2 czenas
|
| 650 |
0 |
7 |
|a posvátná místa
|7 ph115829
|z Česko
|2 czenas
|
| 650 |
0 |
7 |
|a záhady
|7 ph127721
|z Česko
|2 czenas
|
| 650 |
0 |
7 |
|a nevysvětlené jevy
|7 ph117239
|z Česko
|2 czenas
|
| 650 |
0 |
9 |
|a magic space
|z Czechia
|2 eczenas
|
| 650 |
0 |
9 |
|a holy places
|z Czechia
|2 eczenas
|
| 650 |
0 |
9 |
|a mysteries
|z Czechia
|2 eczenas
|
| 650 |
0 |
9 |
|a supernatural
|z Czechia
|2 eczenas
|
| 651 |
|
7 |
|a Česko
|7 ge128065
|x vlastivěda a dějiny
|2 czenas
|
| 651 |
|
9 |
|a Czechia
|x local history and geography
|2 eczenas
|
| 655 |
|
7 |
|a populárně-naučné publikace
|7 fd131864
|2 czenas
|
| 655 |
|
9 |
|a popular works
|2 eczenas
|
| 910 |
2 |
|
|a BOA001
|b 2-1512.253
|
| 928 |
9 |
|
|a Albatros Media - XYZ
|
| 990 |
|
|
|a BK
|
| 995 |
|
|
|a 01
|
| 991 |
|
|
|b 202308
|c NOV
|
| 996 |
6 |
|
|b 2610945426
|c 2-1512.253
|l MZK
|r Sklad / do 1 hodiny
|n 0
|p p.v.
|w 001934237
|u 000010
|a 1
|e BOA001
|j MZK50
|s P
|
| 996 |
7 |
|
|b 2610946608
|c 2-1512.253
|l Vol.výběr
|r VV 1p
|n 3
|p kup
|h 913(437) LEN
|w 001934237
|u 000020
|a 0
|e BOA001
|j MZK50
|s A
|